| 000 | 005730000a22001810004500 | ||
|---|---|---|---|
| 003 | MACL | ||
| 005 | 20160504112557.0 | ||
| 008 | 160504b xxu||||| |||| 00| 0 eng d | ||
| 040 |
_aMACL _cMACL |
||
| 041 | _aHindi | ||
| 082 | _a800 LAT | ||
| 100 |
_aलाठ, मुकुन्द _948729 |
||
| 245 |
_aसंगीत एवं चिन्तन _cमुकुन्द लाठ |
||
| 260 |
_bप्रभात प्रकाशन _c1994 _aनई दिल्ली |
||
| 350 | _a60 | ||
| 650 |
_aLiterature _955074 |
||
| 942 |
_cHIN _k800/LAT/L _2ddc |
||
| 999 |
_c21425 _d21425 |
||